Ewige Torschützenliste der UEFA Champions League - Statistiken

Allgemein
  • Dieses Quiz wurde 365 mal gespielt
  • Das Durchschnittsergebnis liegt bei 19 aus 26
Antwortstatistiken
Tore Einsätze Nation Position Spieler % Korrekt
140 183 Portugal ST/LA Cristiano Ronaldo
100%
129 163 Argentinien RA/MS Lionel Messi
100%
103 127 Polen ST Robert Lewandowski
99%
55 157 Deutschland OM Thomas Müller
95%
47 46 Norwegen ST Erling Haaland
92%
51 80 Frankreich ST/LA Kylian Mbappe
91%
47 86 Ägypten RA Mohamed Salah
91%
48 124 Schweden ST Zlatan Ibrahimovic
86%
44 92 Elfenbeinküste ST Didier Drogba
85%
90 152 Frankreich ST Karim Benzema
85%
43 81 Brasilien LA Neymar Jr.
81%
34 50 England ST Harry Kane
77%
31 110 Niederlande RA Arjen Robben
74%
71 142 Spanien ST Raul
74%
30 78 Kamerun ST Samuel Eto'o
73%
50 112 Frankreich ST/LA Thierry Henry
73%
48 100 Ukraine ST Andriy Shevchenko
66%
56 73 Niederlande ST Ruud van Nistelrooy
64%
30 85 England ST Wayne Rooney
64%
35 70 Uruguay ST Edinson Cavani
59%
41 79 Argentinien ST Sergio Agüero
50%
46 81 Italien ST Filippo Inzaghi
48%
40 102 Frankreich ST/OM Antoine Griezmann
47%
30 86 Brasilien OM Kaka
47%
42 89 Italien ST Alessandro Del Piero
43%
33 93 Spanien ST Fernando Morientes
23%
Keine übereinstimmenden Quizze gefunden
Verteilung der Resultate
Anzahl Personen mit jedem Resultat
Perzentil nach korrekt beantworteten Fragen
Ihre Resultats-Entwicklung
Sie haben dieses Quiz noch nicht gespielt